00246nam a2200109Ia 4500008004100000020001500041100001600056245002000072250000800092260002800100300000800128211105s9999 xx 000 0 und d aVYASA16533 aDasgupta Sn 0aYoga Philosophy a5th bmotilal Banarsidassc\N a380